Corrosion engineering (Record no. 1267)

000 -LEADER
fixed length control field 00569nam a22002177a 4500
001 - CONTROL NUMBER
control field 1267
003 - CONTROL NUMBER IDENTIFIER
control field BD-DhUET
008 - FIXED-LENGTH DATA ELEMENTS--GENERAL INFORMATION
fixed length control field 140902b xxu||||| |||| 00| 0 eng d
020 ## - INTERNATIONAL STANDARD BOOK NUMBER
International Standard Book Number 9789848725085
040 ## - CATALOGING SOURCE
Transcribing agency 0
Modifying agency BD-DhUET
082 ## - DEWEY DECIMAL CLASSIFICATION NUMBER
Classification number 620.1122
Item number NOO/2009
100 ## - MAIN ENTRY--PERSONAL NAME
Personal name Nooruddin Ahmed
245 ## - TITLE STATEMENT
Title Corrosion engineering
Remainder of title an introductory text
250 ## - EDITION STATEMENT
Edition statement 1st ed.
260 ## - PUBLICATION, DISTRIBUTION, ETC. (IMPRINT)
Place of publication, distribution, etc. Dhaka
Name of publisher, distributor, etc. N. Ahmed and I. Mahmud
Date of publication, distribution, etc. 2009
300 ## - PHYSICAL DESCRIPTION
Extent xviii, 261 p.
504 ## - BIBLIOGRAPHY, ETC. NOTE
Bibliography, etc Includes bibliographies
650 #0 - SUBJECT ADDED ENTRY--TOPICAL TERM
Topical term or geographic name as entry element Corrosion and anti-Corrosion
700 ## - ADDED ENTRY--PERSONAL NAME
Personal name Iqbal Mahmud
942 ## - ADDED ENTRY ELEMENTS (KOHA)
Koha item type General Book
Holdings
Koha normalized classification for sorting Piece designation (barcode) Koha issues (times borrowed) Not for loan Copy number Withdrawn status Damaged status Shelving location Koha date last borrowed Koha full call number Koha item type Lost status Sublocation or collection (holding branch) Koha date last seen Location (home branch) Source of classification or shelving scheme Koha out on loan Date acquired Price effective from
620_000000000000000_1122NOO2001075132 8  Circulation section2021-08-28620.1122/NOO/2009General Book Central Library, BUET2021-08-28Central Library, BUET  2014-09-022014-09-02
620_000000000000000_1122NOO20010750725 8  Circulation section2021-09-06620.1122/NOO/2009General Book Central Library, BUET2021-09-06Central Library, BUET  2014-09-022014-09-02
620_000000000000000_1122NOO2001075081 8  Circulation section2021-08-28620.1122/NOO/2009General Book Central Library, BUET2021-08-28Central Library, BUET  2014-09-022014-09-02
620_000000000000000_1122NOO2001075061    Circulation section2021-08-28620.1122/NOO/2009General Book Central Library, BUET2021-08-28Central Library, BUET  2014-09-022014-09-02
620_000000000000000_1122NOO2001075121    Circulation section2021-08-28620.1122/NOO/2009General Book Central Library, BUET2021-08-28Central Library, BUET  2014-09-022014-09-02
620_000000000000000_1122NOO2001075095    Circulation section2025-12-01620.1122/NOO/2009General Book Central Library, BUET2025-12-01Central Library, BUET 2025-12-152014-09-022014-09-02
620_000000000000000_1122NOO20010750538    Circulation section2024-10-21620.1122/NOO/2009General Book Central Library, BUET2024-10-21Central Library, BUET  2014-09-022014-09-02
620_000000000000000_1122NOO2001075111    Circulation section2021-08-28620.1122/NOO/2009General Book Central Library, BUET2021-08-28Central Library, BUET  2014-09-022014-09-02
620_000000000000000_1122NOO2001075041    Circulation section2021-08-28620.1122/NOO/2009General Book Central Library, BUET2021-08-28Central Library, BUET  2014-09-022014-09-02
620_112200000000000_NOO_20091075101 1  Circulation section2021-08-28620.1122/NOO/2009General Book Central Library, BUET2021-08-28Central Library, BUET  2010-01-132018-04-28